Statistics for Total United States Immigration by Country

Click here to take the quiz!

General Stats

  • This quiz has been taken 26,050 times
    (12,077 since last reset)
  • The average score is 19 of 25

Answer Stats

Number Peak Country % Correct
8,833,2631990sMexico
99%
5,539,0881880sUnited Kingdom
98%
2,635,4992010sChina
97%
7,334,6871880sGermany
96%
4,035,1251900sRussia
95%
5,491,2371900sItaly
93%
905,7651850sFrance
93%
4,807,6741850sIreland
91%
1,870,7512010sIndia
90%
4,861,8701920sCanada
88%
919,8181920sPoland
84%
1,565,4722010sCuba
78%
1,295,4161880sSweden
77%
1,146,3992010sVietnam
75%
1,151,0901980sSouth Korea
73%
778,8461880sNorway
72%
794,1672000sColombia
68%
750,9001910sGreece
68%
2,432,8102000sPhilippines
66%
1,883,1551910sAustria
56%
755,3532000sHaiti
53%
1,508,7262010sDominican Republic
47%
902,8821980sJamaica
47%
1,695,4031900sHungary
46%
867,9701990sEl Salvador
35%

Score Distribution

Percentile by Number Answered

Percent of People with Each Score

Your Score History

You have not taken this quiz since the last reset